| 000 | 00508nam a2200169 4500 | ||
|---|---|---|---|
| 001 | 112853 | ||
| 003 | ES-MaACL | ||
| 005 | 20230906185644.0 | ||
| 007 | t| | ||
| 008 | 061121s1960 sp r ||||1| spa d | ||
| 100 | 1 |
_aMurray, A. A. _984632 |
|
| 245 | 1 | 3 |
_aLa manta _b: novela / _cA. A. Murray ; traducción del inglés por Juna González de Luaces. |
| 260 |
_aBarcelona : _bPlaneta, _c1960. |
||
| 300 |
_a250 p. ; _c20 cm. |
||
| 700 | 0 |
_aLuaces, Juan G. de. _974483 |
|
| 852 |
_aES-MaACL _jC-19726 _bR.47207 |
||
| 999 |
_c112853 _d112853 |
||